000
00268nam a22001097a 4500
008
170113b xxu||||| |||| 00| 0 eng d
020
_a
9780130319500
041
_a
eng
080
_2
4TH
_a
618.2
245
_a
HEALTH PROMOTION IN NURSING PRACTICE
_c
PENDER
942
_2
udc
_c
BK
999
_c
2882
_d
2882